La ruta de la seda

Guardat en:
Dades bibliogràfiques
Autor principal: Boulnois, Luce
Format: Llibre
Idioma:espanyol
Publicat: Barcelona. Aymá. 1967.
Matèries:
Etiquetes: Afegir etiqueta
Sense etiquetes, Sigues el primer a etiquetar aquest registre!

MARC

LEADER 00000nam a22000005a 4500
001 11925
003 CL-ChBUA
005 20120815103353.0
008 070301s1967 sp 000 0 spa
040 |a CL-ChBUA  |c CL-ChBUA 
082 0 0 |a 950 
090 |c 11925  |d 11925 
100 1 |a Boulnois, Luce. 
245 1 0 |a La ruta de la seda 
260 |b Aymá.  |a Barcelona.  |c 1967. 
300 |a 289 p.  |c 20 cm. 
650 4 |a ASIA HISTORIA. 
942 |c LIB 
952 |0 0  |1 0  |4 0  |7 0  |9 17074  |a UNACH  |b UNACH  |c 900  |d 2007-03-05  |i 14.822.  |l 1  |o 950 / B 764.  |p 18073  |r 2026-03-27 11:11:02  |s 2025-07-08  |u 17074  |w 2012-08-08  |y LIB  |k 950 / B 764. 
999 |c 11925  |d 11925